| 000 | 00575nam a2200181 a 4500 | ||
|---|---|---|---|
| 005 | 20140310183454.0 | ||
| 008 | 080116s19uu xx 00 eng d | ||
| 050 |
_aHF 5438.25 _b.G7837 2007 |
||
| 100 | _aGschwandther, Gerhard | ||
| 245 |
_aSales stories to sell by : _b95 true accounts of success you can use to close more deals. / _cGerhard Gschwandther |
||
| 260 |
_aU.S.A : _bMcGraw-Hill, _c2007. |
||
| 300 |
_a255 _bill. ; _c24 cm. |
||
| 650 | _aSelling. | ||
| 650 | _aSales management. | ||
| 650 | _aSuccess in business. | ||
| 942 |
_cBK _2lcc _kFOR |
||
| 999 |
_c23530 _d23530 |
||